000 00450nam a2200157 a 4500
001 000028061
005 20240302073953.0
008 110406s1985 dr 000 0 spa d
040 _aDO-SdBNP
_bspa
_cBNPHU
082 _axxxx
_bR789l
100 1 _aRosario Candelier, Bruno,
_d1941-
_9851
245 1 0 _aLetras mocanas /
_cBruno Rosario Candelier.
260 _aSanto Domingo :
_bEditora de la UASD,
_c1985.
300 _a11 p. ;
_c21 cm.
049 _aBNPD
999 _c27553
_d27553